00354pab a2200133 454500008004000000100002600040245004200066260000900108300001300117362000800130650002900138650002100167773003200188180718b2005 xxu||||| |||| 00| 0 eng d aAndrews-Speed, Philip aChina's energy woes: running on empty c2005 ap.13-17. aJun aEnergy resources - China aEnergy resources aFar Eastern Economic Review